LEADER 05038oam 22006134a 450 001 996517765603316 005 20240308225009.0 010 $a1-4473-3048-X 024 7 $a10.56687/9781447330493 035 $a(CKB)5590000000443320 035 $a(OCoLC)1244624916 035 $a(MdBmJHUP)muse97773 035 $a(oapen)https://directory.doabooks.org/handle/20.500.12854/63714 035 $a(DE-B1597)647420 035 $a(DE-B1597)9781447330493 035 $a(MiAaPQ)EBC6532119 035 $a(Au-PeEL)EBL6532119 035 $a(EXLCZ)995590000000443320 100 $a20210403d2021 uy 0 101 0 $aeng 135 $aur|||||||nn|n 181 $ctxt$2rdacontent 182 $cc$2rdamedia 183 $acr$2rdacarrier 200 10$aWhat Works in Improving Gender Equality$eInternational Best Practice in Childcare and Long-term Care Policy 205 $a1st ed. 210 $aBristol$cPolicy Press$d2021 210 1$aBristol :$cPolicy Press,$d2021. 210 4$dİ2021. 215 $a1 online resource (1 online resource 190 p.) 300 $aWhat are the ideas, institutions and actors that make these models work? 300 $aDescription based upon print version of record. 311 $a1-4473-3051-X 311 $a1-4473-3049-8 327 $aWhat could make it likely that transferring the Partnership Model would fail to deliver improved gender equality? -- Which model, and which aspects of that model, should policymakers invest in to stand the greatest chance of improving gender equality? -- Five Long-term care and gender equality -- Introduction -- Universal Model of long-term care provision -- Partnership Model of long-term care provision -- How do these models lead to better gender equality? -- How do the different elements of these models work? -- The Universal Model -- The Partnership Model 327 $aWhat aspects of these models could be transferred to other national contexts? -- What do we know about policy transfer? Which policies are likely to fail or succeed in different contexts, and why? -- Which elements of the Universal Model could be successfully transferred and lead to improved gender equality? -- What could make it likely that transferring the Universal Model would fail to deliver improved gender equality? -- Which elements of the Partnership Model could be successfully transferred and lead to improved gender equality? 327 $aFour Childcare and gender equality -- Introduction -- Universal Model of childcare provision -- Partnership Model of childcare policy -- How do these models lead to better gender equality? -- How do the different elements of these models work? -- The Universal Model -- The Partnership Model -- What are the ideas, institutions and actors that make these models work? -- The Universal Model -- The Partnership Model -- What could make these models not work to improve gender equality? -- The Universal Model -- The Partnership Model 327 $aChildcare, long-term care and gender equality -- Responsibilities of the state, the market, communities, families and individuals -- Advantages -- Drawbacks -- Key lessons and transferable features -- Notes of caution -- Achieving gender equity? -- Summary -- Three The Partnership Model of care policy -- Introduction -- Germany -- The Netherlands -- Childcare, long-term care and gender equality -- Responsibilities of the state, the market, communities, families and individuals -- Advantages -- Drawbacks -- Key transferable features -- Notes of caution -- Achieving gender equity? -- Summary 327 $aFront Cover -- What Works in Improving Gender Equality: International Best Practice in Childcare and Long-term Care Policy -- Copyright information -- Dedication -- Table of contents -- List of Tables -- One Gender equality and care policy: why look comparatively? -- How to use this book -- What do we mean by gender equality? -- Childcare and gender equality -- Long-term care and gender equality -- Why look at policies comparatively? -- A note on methods and findings -- Two The Universal Model of care policy -- Introduction -- Denmark -- Iceland -- Sweden 330 $aEPDF and EPUB available Open Access under CC-BY-NC licence. This book provides an accessible analysis of what gender equality means and how we can achieve it by adapting best practices in childcare and long term care policies from other countries. 517 $aWhat Works in Improving Gender Equality 606 $aGender studies, gender groups$2bicssc 608 $aElectronic books. 610 $achild care; designing parental leave policy; equality; gender; gender equality; parental leave policies; politics; work and labour markets 615 7$aGender studies, gender groups 676 $a305.3 700 $aRummery$b Kirstein$0935301 701 $aMcAngus$b Craig$0935302 801 0$bMdBmJHUP 801 1$bMdBmJHUP 906 $aBOOK 912 $a996517765603316 996 $aWhat Works in Improving Gender Equality$92106492 997 $aUNISA